[Event "Zalakaros open (Barczay memorial)"]
[Site "Zalakaros"]
[Date "2019.05.24"]
[Round "2.15"]
[White "Borhy, Marcell"]
[Black "Konyves, Almos"]
[Result "1-0"]
[WhiteElo "2374"]
[BlackElo "2125"]
[PlyCount "69"]
[EventDate "2019.05.23"]
[EventType "swiss"]
[EventRounds "9"]
[EventCountry "HUN"]

1. c4 e5 2. d3 Nf6 3. Nf3 Nc6 4. g3 d5 5. cxd5 Nxd5 6. Bg2 Be7 7. a3 O-O 8.
Nbd2 Nb6 9. b4 a5 10. b5 Nd4 11. a4 Nd5 12. Bb2 Nb4 13. O-O Bf6 14. Rc1 Re8 15.
Ne4 Nxf3+ 16. Bxf3 c6 17. bxc6 bxc6 18. Ba3 Bh3 19. Nxf6+ Qxf6 20. Bxb4 axb4
21. Bxc6 Bxf1 22. Kxf1 Reb8 23. Bxa8 Rxa8 24. Qb3 Qh6 25. Rc7 Rf8 26. Qxb4 Qxh2
27. Qb7 Qh3+ 28. Kg1 Qg4 29. a5 h5 30. a6 h4 31. a7 hxg3 32. a8=Q gxf2+ 33.
Kxf2 Qh4+ 34. Kf1 Qf4+ 35. Ke1 1-0

[Event "Zalakaros open (Barczay memorial)"]
[Site "Zalakaros"]
[Date "2019.05.24"]
[Round "2.16"]
[White "Hrbolka, Ladislav"]
[Black "Krstulovic, Alex"]
[Result "1/2-1/2"]
[WhiteElo "2094"]
[BlackElo "2368"]
[PlyCount "136"]
[EventDate "2019.05.23"]
[EventType "swiss"]
[EventRounds "9"]
[EventCountry "HUN"]

1. d4 d5 2. Nf3 Nf6 3. c4 c6 4. e3 Bf5 5. Nc3 e6 6. Nh4 Be4 7. f3 Bg6 8. Qb3
Qc7 9. Bd2 Bd6 10. Rc1 a6 11. cxd5 exd5 12. g3 Nbd7 13. Nxg6 hxg6 14. f4 O-O
15. Bg2 Nb6 16. Bf1 c5 17. Nd1 c4 18. Qc2 Ne4 19. Ba5 Qc6 20. Bg2 Rfe8 21. O-O
Nd7 22. g4 b5 23. a3 f5 24. Qe2 Ndf6 25. g5 Nd7 26. Bxe4 dxe4 27. h4 Kf7 28. h5
Rac8 29. hxg6+ Kxg6 30. Kg2 Rh8 31. Nf2 Qd5 32. Rh1 Kf7 33. Rxh8 Rxh8 34. Rh1
Rxh1 35. Kxh1 Nf8 36. Nd1 Ng6 37. Nc3 Qa8 38. Qh5 Qh8 39. Qxh8 Nxh8 40. Kg2 Ke6
41. Kf2 Ng6 42. Ke2 Ne7 43. Kd2 Kd7 44. Na2 Kc6 45. Nc3 Kb7 46. Na2 Nc6 47. Bb4
Bxb4+ 48. axb4 Kb6 49. Kc2 Ne7 50. Nc3 a5 51. bxa5+ Kxa5 52. d5 Nc8 53. Ne2 Nb6
54. d6 Nd7 55. g6 Kb6 56. Nd4 Nf8 57. Nxf5 Nxg6 58. Nxg7 Kc6 59. Nf5 b4 60. Ng3
Kxd6 61. Nxe4+ Kd5 62. Ng3 Nh4 63. b3 cxb3+ 64. Kxb3 Ng2 65. e4+ Ke6 66. f5+
Ke5 67. Kxb4 Ne3 68. Kc5 Ng4 1/2-1/2

[Event "Zalakaros open (Barczay memorial)"]
[Site "Zalakaros"]
[Date "2019.05.24"]
[Round "2.17"]
[White "Tompa, Janos"]
[Black "Haselbach, David"]
[Result "1/2-1/2"]
[WhiteElo "2356"]
[BlackElo "2109"]
[PlyCount "90"]
[EventDate "2019.05.23"]
[EventType "swiss"]
[EventRounds "9"]
[EventCountry "HUN"]

1. Nf3 Nf6 2. g3 g6 3. b3 Bg7 4. Bb2 O-O 5. Bg2 d6 6. d4 b5 7. Nbd2 Bb7 8. c4
b4 9. Qc2 Nbd7 10. O-O c5 11. d5 a5 12. a4 e5 13. dxe6 fxe6 14. Bh3 Re8 15. Ng5
Nf8 16. Rad1 Qe7 17. Bg2 Bxg2 18. Kxg2 Ng4 19. Bxg7 Kxg7 20. Nde4 Red8 21. h3
Nf6 22. Nxf6 Qxf6 23. Ne4 Qe7 24. f4 d5 25. Qb2+ d4 26. Rf3 Kg8 27. Qc2 Rac8
28. Qd3 Nd7 29. g4 Nf8 30. Rdf1 Nd7 31. Rg3 Rf8 32. e3 e5 33. f5 Nf6 34. Nxf6+
Qxf6 35. Qe4 Rcd8 36. g5 Qd6 37. f6 Rf7 38. Rd1 Qe6 39. Rf3 Re8 40. Re1 Qd6 41.
Rd1 Qd7 42. Rff1 Qb7 43. Qxb7 Rxb7 44. h4 Kf7 45. e4 Rbb8 1/2-1/2

[Event "Zalakaros open (Barczay memorial)"]
[Site "Zalakaros"]
[Date "2019.05.24"]
[Round "2.18"]
[White "Bereczki, Janos"]
[Black "Vanczak, Tamas"]
[Result "1-0"]
[WhiteElo "2090"]
[BlackElo "2311"]
[PlyCount "87"]
[EventDate "2019.05.23"]
[EventType "swiss"]
[EventRounds "9"]
[EventCountry "HUN"]

1. d4 Nf6 2. g3 d5 3. Bg2 Bf5 4. c4 e6 5. Qb3 Nc6 6. cxd5 exd5 7. Nf3 Bxb1 8.
Rxb1 Bb4+ 9. Kf1 O-O 10. a3 Bd6 11. Qxb7 Na5 12. Qa6 Nc4 13. Nd2 Nxd2+ 14. Bxd2
Ne4 15. Bxe4 dxe4 16. Kg2 f5 17. f4 Qe8 18. e3 Qh5 19. Rhe1 Rf6 20. Qe2 Qh6 21.
Bb4 g5 22. Bxd6 cxd6 23. fxg5 Qxg5 24. Rf1 Raf8 25. Rbc1 Qh6 26. Rc7 R6f7 27.
Rxf7 Rxf7 28. Rf4 Qe6 29. Qb5 d5 30. Rf2 h5 31. Qb8+ Kh7 32. Qf4 Kg6 33. h3 a5
34. b4 axb4 35. axb4 Rb7 36. Rb2 Qe7 37. h4 Rb5 38. Rc2 Rb6 39. b5 Qf7 40. Rc6+
Rxc6 41. bxc6 Qe6 42. Qg5+ Kf7 43. Qxh5+ Ke7 44. Qh7+ 1-0

[Event "Zalakaros open (Barczay memorial)"]
[Site "Zalakaros"]
[Date "2019.05.24"]
[Round "2.19"]
[White "Radovanovic, Jovica"]
[Black "Kende, Gyorgy Dr"]
[Result "1-0"]
[WhiteElo "2306"]
[BlackElo "2082"]
[PlyCount "69"]
[EventDate "2019.05.23"]
[EventType "swiss"]
[EventRounds "9"]
[EventCountry "HUN"]

1. d4 Nf6 2. c4 e5 3. dxe5 Ng4 4. Nf3 Bc5 5. e3 Nc6 6. Nc3 O-O 7. Be2 Re8 8.
O-O Ngxe5 9. b3 d6 10. Bb2 Bf5 11. Nd5 Qd7 12. a3 a5 13. Kh1 Ba7 14. Qd2 Rad8
15. b4 Ne7 16. bxa5 N7g6 17. Nd4 Bb8 18. f4 Ng4 19. Bxg4 Bxg4 20. f5 Ne5 21. f6
c6 22. Ne7+ Rxe7 23. fxe7 Qxe7 24. Qc3 d5 25. cxd5 Rxd5 26. a6 c5 27. a7 Bxa7
28. Nf5 Bxf5 29. Rxf5 Qd7 30. e4 Rd1+ 31. Rf1 Rxa1 32. Bxa1 f6 33. Qh3 Qxh3 34.
gxh3 Nc6 35. Rd1 1-0

[Event "Zalakaros open (Barczay memorial)"]
[Site "Zalakaros"]
[Date "2019.05.24"]
[Round "2.20"]
[White "Souhardo, Basak"]
[Black "Ianov, Viktor"]
[Result "0-1"]
[WhiteElo "2082"]
[BlackElo "2298"]
[PlyCount "114"]
[EventDate "2019.05.23"]
[EventType "swiss"]
[EventRounds "9"]
[EventCountry "HUN"]

1. e4 d6 2. d4 Nf6 3. Nc3 e5 4. dxe5 dxe5 5. Qxd8+ Kxd8 6. Bg5 Be6 7. O-O-O+
Kc8 8. Nf3 Nbd7 9. Bb5 c6 10. Be2 Bb4 11. Bd3 b5 12. Ne2 Kc7 13. Ng3 Ng4 14.
Rhf1 Bc5 15. Nh1 f6 16. Bd2 h5 17. h3 Nh6 18. Ne1 Nf7 19. Ng3 a5 20. Kb1 b4 21.
Ne2 g5 22. c4 Nb6 23. b3 Rhd8 24. Bc2 Nd6 25. Bc1 Nd7 26. f3 h4 27. Nd3 Bb6 28.
Nf2 Nc5 29. Be3 a4 30. Nd3 axb3 31. axb3 Nxd3 32. Bxb6+ Kxb6 33. Rxd3 Nb7 34.
Rxd8 Rxd8 35. Rd1 Kc5 36. Rxd8 Nxd8 37. Kc1 Bc8 38. Kd2 Ne6 39. Ke3 Nf4 40.
Nxf4 exf4+ 41. Kd3 Kd6 42. Kd4 c5+ 43. Kd3 Ke5 44. Kd2 Kd4 45. Bd3 Be6 46. Bf1
f5 47. Bd3 fxe4 48. Bxe4 Bd7 49. Bh7 Bc6 50. Bg6 g4 51. Bh5 Bxf3 52. hxg4 Bxg2
53. Ke2 Be4 54. Kf2 Ke5 55. Bf7 Kf6 56. Bd5 Bc2 57. Kf3 Kg5 0-1

[Event "Zalakaros open (Barczay memorial)"]
[Site "Zalakaros"]
[Date "2019.05.25"]
[Round "3.12"]
[White "Daroczi, Donat"]
[Black "Borhy, Marcell"]
[Result "0-1"]
[WhiteElo "2050"]
[BlackElo "2374"]
[PlyCount "50"]
[EventDate "2019.05.23"]
[EventType "swiss"]
[EventRounds "9"]
[EventCountry "HUN"]

1. e4 c5 2. Nf3 b6 3. d4 cxd4 4. Nxd4 Bb7 5. Nc3 a6 6. Be3 e6 7. f3 Qc7 8. Qd2
Nf6 9. Be2 Bb4 10. a3 Bxc3 11. bxc3 d5 12. e5 Qxe5 13. Bf4 Qh5 14. g4 Qg6 15.
Bd3 Ne4 16. Qe3 Nd7 17. Bg3 e5 18. Nf5 Nxg3 19. hxg3 Kd8 20. Kf2 Kc7 21. Rad1
Rae8 22. Qd2 Nc5 23. c4 d4 24. c3 Qc6 25. Be2 d3 0-1

[Event "Zalakaros open (Barczay memorial)"]
[Site "Zalakaros"]
[Date "2019.05.25"]
[Round "3.13"]
[White "Bodnar, Janos"]
[Black "Radovanovic, Jovica"]
[Result "0-1"]
[WhiteElo "1806"]
[BlackElo "2306"]
[PlyCount "66"]
[EventDate "2019.05.23"]
[EventType "swiss"]
[EventRounds "9"]
[EventCountry "HUN"]

1. c4 e5 2. Nc3 Nf6 3. g3 d5 4. cxd5 Nxd5 5. Bg2 Nb6 6. Nf3 Nc6 7. O-O Be7 8.
b3 O-O 9. Bb2 f5 10. d3 Bf6 11. Qc1 Kh8 12. h4 Be6 13. Ng5 Bg8 14. Ba3 Re8 15.
Bc5 Rb8 16. b4 Nd4 17. Re1 c6 18. a4 Nb3 19. Qa3 Nxa1 20. Rxa1 Bxg5 21. hxg5
Qxg5 22. a5 Nd5 23. Nxd5 Bxd5 24. Bxa7 Ra8 25. Be3 f4 26. Bc1 Qg6 27. Bxd5 cxd5
28. Kg2 Qg4 29. Qa2 fxg3 30. fxg3 e4 31. d4 e3 32. Qb2 Rf8 33. Bxe3 Qe4+ 0-1

[Event "Zalakaros open (Barczay memorial)"]
[Site "Zalakaros"]
[Date "2019.05.25"]
[Round "3.14"]
[White "Pasti, Aron"]
[Black "Horvath, Jozsef"]
[Result "0-1"]
[WhiteElo "2164"]
[BlackElo "2451"]
[PlyCount "56"]
[EventDate "2019.05.23"]
[EventType "swiss"]
[EventRounds "9"]
[EventCountry "HUN"]

1. e4 c6 2. Nf3 d5 3. Nc3 Bg4 4. h3 Bxf3 5. Qxf3 e6 6. d3 Nd7 7. Be2 g6 8. O-O
Bg7 9. Bf4 Ne7 10. Qg3 Rc8 11. Qh4 O-O 12. Bh6 Bxh6 13. Qxh6 Qb6 14. Rab1 f5
15. Qf4 e5 16. Qg5 Rf7 17. Bf3 Nf6 18. exf5 Nxf5 19. Ne2 Rcf8 20. g4 Ng7 21.
Qe3 Nd7 22. Bg2 Rxf2 23. Qxf2 Rxf2 24. Rxf2 Ne6 25. Kf1 Kg7 26. Ke1 Qa5+ 27.
Kd1 Qxa2 28. Kc1 Qa5 0-1

[Event "Zalakaros open (Barczay memorial)"]
[Site "Zalakaros"]
[Date "2019.05.25"]
[Round "3.15"]
[White "Bozinovic, Bogdan"]
[Black "Videki, Sandor"]
[Result "0-1"]
[WhiteElo "2197"]
[BlackElo "2383"]
[PlyCount "104"]
[EventDate "2019.05.23"]
[EventType "swiss"]
[EventRounds "9"]
[EventCountry "HUN"]

1. d4 Nf6 2. c4 g6 3. Nc3 Bg7 4. e4 d6 5. Nge2 Nbd7 6. Ng3 h5 7. Be2 a6 8. Be3
c5 9. f3 cxd4 10. Bxd4 O-O 11. O-O e6 12. Qd2 Qc7 13. Rfd1 Rd8 14. Rac1 b6 15.
Be3 Ne5 16. Nh1 Rd7 17. Nf2 Rb8 18. b3 Bf8 19. h3 Qd8 20. Nd3 Nxd3 21. Qxd3 Bb7
22. Bd4 Bc6 23. a4 Bh6 24. Be3 Qf8 25. Qd2 Bg7 26. Qe1 Qc8 27. Nd5 Qd8 28. Nb4
Bb7 29. Qf2 Qe7 30. Nc2 Bc8 31. Nb4 Qf8 32. Nc6 Rbb7 33. Bxb6 Bh6 34. Rc3 h4
35. Na5 Rxb6 36. Qxb6 Bf4 37. Rcd3 Qh6 38. Qb8 Rd8 39. Qb6 Re8 40. Nc6 Qg5 41.
Kf1 Nh5 42. Re1 Bh2 43. Bd1 Nf4 44. Rd2 Nxh3 45. Rc2 Nf4 46. Qe3 e5 47. Ree2
Bg3 48. Red2 h3 49. Qg1 hxg2+ 50. Rxg2 Bh3 51. Nb4 Nxg2 52. Rxg2 Qd2 0-1

[Event "Zalakaros open (Barczay memorial)"]
[Site "Zalakaros"]
[Date "2019.05.25"]
[Round "3.16"]
[White "Krstulovic, Alex"]
[Black "Csala, Imre"]
[Result "1/2-1/2"]
[WhiteElo "2368"]
[BlackElo "2062"]
[PlyCount "145"]
[EventDate "2019.05.23"]
[EventType "swiss"]
[EventRounds "9"]
[EventCountry "HUN"]

1. d4 Nf6 2. c4 d6 3. Nf3 g6 4. Nc3 Nbd7 5. e4 Bg7 6. Be2 c6 7. O-O Qc7 8. h3
O-O 9. Be3 h6 10. Qd2 Kh7 11. b4 e5 12. d5 cxd5 13. cxd5 Nb6 14. Rfc1 Qd8 15.
a4 Bd7 16. a5 Nc8 17. Qc2 Ne7 18. Nd2 Ne8 19. Nb5 Bxb5 20. Bxb5 f5 21. f3 Bf6
22. Ra3 Bg5 23. Bxg5 hxg5 24. Rc3 Kh6 25. Nc4 Nf6 26. Ne3 f4 27. Ng4+ Nxg4 28.
hxg4 a6 29. Bd3 Rb8 30. Rc7 Nc6 31. Rxb7 Nxb4 32. Rxb8 Qxb8 33. Qc4 Qa7+ 34.
Kf1 Nxd3 35. Qxd3 Rb8 36. Qc3 Qb7 37. Kf2 Qa7+ 38. Ke2 Rb5 39. Kf1 Rc5 40. Qa3
Rxc1+ 41. Qxc1 Qd4 42. Ke2 Qa4 43. Qc3 Qb5+ 44. Kf2 Qb7 45. Kg1 Qa7+ 46. Kf1
Qb7 47. Qd2 Qb1+ 48. Kf2 Qb3 49. Kg1 Qb1+ 50. Kh2 Qf1 51. Qb4 Qf2 52. Qc3 Kg7
53. Qc7+ Kh6 54. Qc1 Kg7 55. Qb1 Kh6 56. Qb4 Kg7 57. Qb7+ Kh6 58. Qxa6 Qh4+ 59.
Kg1 Qe1+ 60. Kh2 Qh4+ 61. Kg1 Qe1+ 62. Qf1 Qxa5 63. g3 Qd2 64. gxf4 gxf4 65.
Qf2 Qd1+ 66. Kg2 Kg5 67. Kh2 Qc1 68. Qb6 Qe3 69. Qd8+ Kh6 70. Qh4+ Kg7 71. Kg2
Qe2+ 72. Qf2 Qxf2+ 73. Kxf2 1/2-1/2

[Event "Zalakaros open (Barczay memorial)"]
[Site "Zalakaros"]
[Date "2019.05.25"]
[Round "3.17"]
[White "Borsfai, Attila"]
[Black "Tompa, Janos"]
[Result "0-1"]
[WhiteElo "1683"]
[BlackElo "2356"]
[PlyCount "108"]
[EventDate "2019.05.23"]
[EventType "swiss"]
[EventRounds "9"]
[EventCountry "HUN"]

1. d4 Nf6 2. Nf3 c5 3. c3 b6 4. Bf4 Bb7 5. e3 g6 6. Nbd2 Bg7 7. Bd3 d5 8. O-O
O-O 9. Re1 Nc6 10. h3 Rc8 11. Rc1 Nd7 12. Bb1 e5 13. dxe5 Ndxe5 14. Nxe5 Nxe5
15. Nf3 Nc6 16. Qd2 Qe7 17. Qxd5 Nd4 18. Qd6 Nxf3+ 19. gxf3 Qh4 20. Bg3 Qxh3
21. Qf4 Be5 22. Qg4 Qxg4 23. fxg4 Bxg3 24. fxg3 Rcd8 25. Kf2 Rd2+ 26. Re2 Rfd8
27. Ke1 R2d7 28. Kf2 h6 29. a3 Kg7 30. Ba2 Rd1 31. Rxd1 Rxd1 32. Re1 Rxe1 33.
Kxe1 Bf3 34. g5 hxg5 35. Kf2 Be4 36. b4 Kf6 37. Bc4 Ke7 38. Ke2 Bg2 39. Kf2 Bh3
40. e4 Be6 41. Bd3 Kd6 42. Ke3 Ke5 43. Bb1 Bb3 44. Bd3 cxb4 45. cxb4 f5 46.
exf5 gxf5 47. Bb5 f4+ 48. gxf4+ gxf4+ 49. Kf2 Bd5 50. Ke2 Kd4 51. Kd2 f3 52. a4
Bc4 53. Bxc4 Kxc4 54. a5 Kxb4 0-1

[Event "Zalakaros open (Barczay memorial)"]
[Site "Zalakaros"]
[Date "2019.05.25"]
[Round "3.18"]
[White "Haselbach, David"]
[Black "Doric, Nenad"]
[Result "0-1"]
[WhiteElo "2109"]
[BlackElo "2262"]
[PlyCount "94"]
[EventDate "2019.05.23"]
[EventType "swiss"]
[EventRounds "9"]
[EventCountry "HUN"]

1. d4 d5 2. Bf4 Nf6 3. e3 c5 4. c3 Nc6 5. Nd2 Bf5 6. Ngf3 e6 7. Qb3 Qc8 8. Bb5
Nd7 9. O-O Be7 10. Rfe1 a6 11. Bxc6 Qxc6 12. c4 O-O 13. Rac1 Rac8 14. h3 dxc4
15. Qxc4 b5 16. Qf1 Qb7 17. e4 Bg6 18. d5 exd5 19. exd5 Bf6 20. Ne4 Bxe4 21.
Rxe4 Rfe8 22. Qe2 Rxe4 23. Qxe4 Bxb2 24. Rc2 Nf6 25. Qf5 g6 26. Qg5 Ne4 27. Qh6
Bg7 28. Qh4 Qxd5 29. Re2 c4 30. Qe7 f5 31. Be5 Qf7 32. Qa3 Bxe5 33. Nxe5 Qe6
34. Nf3 Qd6 35. Qe3 c3 36. Nd4 Rd8 37. Nc2 Qd3 38. Qb6 Rd6 39. Qb8+ Kf7 40.
Qc7+ Rd7 41. Qc8 Re7 42. Qh8 Qxe2 43. Qxh7+ Ke8 44. Qxg6+ Kd8 45. Qb6+ Rc7 46.
Nd4 Qxf2+ 47. Kh2 Qf4+ 0-1

[Event "Zalakaros open (Barczay memorial)"]
[Site "Zalakaros"]
[Date "2019.05.25"]
[Round "3.19"]
[White "Horak, Jiri"]
[Black "Hrbolka, Ladislav"]
[Result "1-0"]
[WhiteElo "2226"]
[BlackElo "2094"]
[PlyCount "109"]
[EventDate "2019.05.23"]
[EventType "swiss"]
[EventRounds "9"]
[EventCountry "HUN"]

1. d4 Nf6 2. g3 g6 3. Bg2 Bg7 4. Nf3 O-O 5. O-O d5 6. b3 c6 7. c4 Bf5 8. Nc3
Ne4 9. Bb2 Nxc3 10. Bxc3 Be4 11. Qd2 Nd7 12. cxd5 Bxd5 13. Rfe1 Nf6 14. Bb2 a5
15. Ne5 Bxg2 16. Kxg2 a4 17. Qb4 Ra7 18. bxa4 Nd5 19. Qb3 Qa8 20. Nd3 Rxa4 21.
e4 Nf6 22. Nc5 Ra5 23. a4 b6 24. Nd3 e6 25. Bc3 Ra6 26. f3 Rd8 27. Qc4 Rc8 28.
Reb1 Nd7 29. Nf4 Nf8 30. e5 Kh8 31. Rd1 Ra7 32. Nd3 Nd7 33. Nf2 c5 34. d5 exd5
35. Qxd5 Qxd5 36. Rxd5 Nf8 37. Rd6 Rca8 38. Rxb6 Rxa4 39. Rxa4 Rxa4 40. Rb8 Kg8
41. Ne4 Rc4 42. Rc8 h6 43. Rxc5 Rxc5 44. Nxc5 Ne6 45. Ne4 g5 46. Kf2 Bf8 47.
Ke3 Be7 48. f4 Kh7 49. f5 Nc7 50. g4 Kg8 51. Kd4 Ba3 52. h3 Kf8 53. Kc4 Kg8 54.
Ba5 Ne8 55. Kd5 1-0

[Event "Zalakaros open (Barczay memorial)"]
[Site "Zalakaros"]
[Date "2019.05.25"]
[Round "3.20"]
[White "Csonka, Attila Istvan"]
[Black "Csendi, Balazs"]
[Result "0-1"]
[WhiteElo "2376"]
[BlackElo "2005"]
[PlyCount "82"]
[EventDate "2019.05.23"]
[EventType "swiss"]
[EventRounds "9"]
[EventCountry "HUN"]

1. e4 c5 2. Nf3 d6 3. d4 cxd4 4. Qxd4 Nc6 5. Bb5 Bd7 6. Qd3 Nf6 7. Nc3 a6 8.
Bxc6 Bxc6 9. Bg5 e6 10. O-O-O Be7 11. Nd4 Qa5 12. f4 O-O 13. g4 Rac8 14. Kb1
Rfe8 15. Rhg1 b5 16. Bxf6 Bxf6 17. Nce2 b4 18. Nxc6 Rxc6 19. g5 Be7 20. Nd4 Rc7
21. f5 e5 22. Nb3 Qb6 23. f6 Bf8 24. fxg7 Bxg7 25. Qxd6 Rc6 26. Qd5 Rec8 27.
Rg2 Qc7 28. Rdd2 Qa7 29. h4 a5 30. h5 a4 31. Nc1 Rc5 32. Qd7 R5c7 33. Qf5 b3
34. g6 Rxc2 35. gxh7+ Kh8 36. Rxc2 bxc2+ 37. Ka1 Rc6 38. Qg4 f5 39. exf5 a3 40.
f6 axb2+ 41. Kxb2 Qb7+ 0-1

[Event "Zalakaros open (Barczay memorial)"]
[Site "Zalakaros"]
[Date "2019.05.26"]
[Round "4.1"]
[White "Almasi, Istvan"]
[Black "Kantor, Gergely"]
[Result "1/2-1/2"]
[WhiteElo "2407"]
[BlackElo "2516"]
[PlyCount "54"]
[EventDate "2019.05.23"]
[EventType "swiss"]
[EventRounds "9"]
[EventCountry "HUN"]

1. Nf3 d5 2. d4 Nf6 3. c4 e6 4. Nc3 c6 5. g3 dxc4 6. Ne5 b5 7. Bg2 a6 8. O-O
Bb7 9. a4 Be7 10. axb5 axb5 11. Rxa8 Bxa8 12. Nxb5 cxb5 13. Bxa8 O-O 14. Bg2
Nd5 15. Bd2 Qc7 16. e4 Nf6 17. Bf4 Bd6 18. Qf3 Rc8 19. Bh3 Re8 20. Rc1 Nc6 21.
Nxc6 Bxf4 22. Qxf4 Qxc6 23. Bg2 Qb6 24. Qd2 Rd8 25. d5 exd5 26. exd5 Nd7 27. b3
Ne5 1/2-1/2

[Event "Zalakaros open (Barczay memorial)"]
[Site "Zalakaros"]
[Date "2019.05.26"]
[Round "4.2"]
[White "Bokros, Albert"]
[Black "Persanyi, Barnabas"]
[Result "1-0"]
[WhiteElo "2461"]
[BlackElo "2404"]
[PlyCount "87"]
[EventDate "2019.05.23"]
[EventType "swiss"]
[EventRounds "9"]
[EventCountry "HUN"]

1. e4 e5 2. Nf3 Nc6 3. Bb5 a6 4. Ba4 Nf6 5. d3 d6 6. c3 g6 7. O-O Bg7 8. Re1
O-O 9. Nbd2 Nd7 10. Bxc6 bxc6 11. d4 Re8 12. dxe5 Nxe5 13. Nxe5 Bxe5 14. h3 Bg7
15. Nf3 Rb8 16. Qc2 Be6 17. Bg5 Qd7 18. b4 a5 19. a3 Ra8 20. Qd3 axb4 21. axb4
Qc8 22. Be3 Qb7 23. Bd4 f6 24. Be3 Qb5 25. Qd2 Qc4 26. Nd4 Bf7 27. f3 Ra6 28.
Rxa6 Qxa6 29. Bh6 Ra8 30. Bxg7 Kxg7 31. f4 Re8 32. Nf3 Qc4 33. e5 fxe5 34. fxe5
Qd5 35. Qf4 dxe5 36. Nxe5 Re7 37. Re3 c5 38. Ng4 Re6 39. Rf3 Ra6 40. Qh6+ Kg8
41. Qf4 cxb4 42. cxb4 g5 43. Qxc7 Qd1+ 44. Rf1 1-0

[Event "Zalakaros open (Barczay memorial)"]
[Site "Zalakaros"]
[Date "2019.05.26"]
[Round "4.4"]
[White "Borhy, Marcell"]
[Black "Bagi, Mate"]
[Result "1/2-1/2"]
[WhiteElo "2374"]
[BlackElo "2450"]
[PlyCount "24"]
[EventDate "2019.05.23"]
[EventType "swiss"]
[EventRounds "9"]
[EventCountry "HUN"]

1. e4 e5 2. Nf3 Nc6 3. Be2 Nf6 4. d3 d5 5. Nbd2 Bc5 6. O-O O-O 7. Nb3 Be7 8.
exd5 Nxd5 9. c4 Nf6 10. d4 exd4 11. Nfxd4 Nxd4 12. Nxd4 c6 1/2-1/2

[Event "Zalakaros open (Barczay memorial)"]
[Site "Zalakaros"]
[Date "2019.05.26"]
[Round "4.12"]
[White "Michalicka, Milan"]
[Black "Krstulovic, Alex"]
[Result "0-1"]
[WhiteElo "2160"]
[BlackElo "2368"]
[PlyCount "78"]
[EventDate "2019.05.23"]
[EventType "swiss"]
[EventRounds "9"]
[EventCountry "HUN"]

1. d4 d5 2. c4 c6 3. Nf3 Nf6 4. Nc3 dxc4 5. a4 Bf5 6. Ne5 Nbd7 7. Nxc4 Qc7 8.
g3 e5 9. dxe5 Nxe5 10. Bf4 Nfd7 11. Bg2 g5 12. Ne3 gxf4 13. Nxf5 O-O-O 14. Qc2
fxg3 15. hxg3 a5 16. Rc1 Kb8 17. Nd5 Qc8 18. Qe4 Ng6 19. Nde3 Bb4+ 20. Kf1 Nc5
21. Qc4 Qe6 22. Nh6 Rhf8 23. Nhf5 Nb3 24. Kg1 Nxc1 25. Qxc1 Rd2 26. Bf1 Ne5 27.
Rh4 Rfd8 28. Re4 Qf6 29. Qb1 Bc5 30. Kg2 Bxe3 31. Nxe3 Nd3 32. exd3 Qxf2+ 33.
Kh3 Qh2+ 34. Kg4 Rf2 35. Rf4 Rg8+ 36. Kf5 Qh5+ 37. Ke4 Re8+ 38. Kd4 Qe5+ 39.
Kc4 Rxf4+ 0-1

[Event "Zalakaros open (Barczay memorial)"]
[Site "Zalakaros"]
[Date "2019.05.26"]
[Round "4.13"]
[White "Geher, Koppany"]
[Black "Vanczak, Tamas"]
[Result "1-0"]
[WhiteElo "2113"]
[BlackElo "2311"]
[PlyCount "51"]
[EventDate "2019.05.23"]
[EventType "swiss"]
[EventRounds "9"]
[EventCountry "HUN"]

1. e4 c6 2. d4 d5 3. e5 g6 4. c4 Bg7 5. Nc3 e6 6. h4 h5 7. Bg5 Qb6 8. Qd2 Nh6
9. Nh3 Nf5 10. O-O-O Na6 11. Nf4 Bh6 12. Be2 Bd7 13. g4 hxg4 14. Bxg4 Bxg5 15.
hxg5 O-O-O 16. Bxf5 gxf5 17. c5 Qc7 18. Rh6 Rde8 19. Rdh1 Rhg8 20. Nh5 Rd8 21.
Nf6 Rgf8 22. Rh7 b6 23. Qe2 Qb7 24. g6 fxg6 25. Nxd7 Rxd7 26. Rxd7 1-0

[Event "Zalakaros open (Barczay memorial)"]
[Site "Zalakaros"]
[Date "2019.05.26"]
[Round "4.14"]
[White "Meszaros, Andras"]
[Black "Tran, David"]
[Result "1/2-1/2"]
[WhiteElo "2285"]
[BlackElo "2070"]
[PlyCount "98"]
[EventDate "2019.05.23"]
[EventType "swiss"]
[EventRounds "9"]
[EventCountry "HUN"]

1. e4 e5 2. Nf3 Nc6 3. Bb5 a6 4. Ba4 Nf6 5. O-O Be7 6. d4 exd4 7. e5 Ne4 8.
Nxd4 Nc5 9. Bxc6 dxc6 10. Nc3 Ne6 11. Nf5 Qxd1 12. Rxd1 Bc5 13. Ne4 Bb6 14. a4
O-O 15. a5 Ba7 16. Ra3 Nc5 17. Ne7+ Kh8 18. Nxc8 Rfxc8 19. Ng5 Kg8 20. Be3 Rd8
21. Rxd8+ Rxd8 22. Kf1 h6 23. Nf3 Ra8 24. Ke2 Ne6 25. Bxa7 Rxa7 26. Rb3 Kf8 27.
Ke3 c5 28. c3 Ke7 29. Nd2 Kd7 30. f4 Kc6 31. f5 Nf8 32. c4 Ra8 33. Rd3 g6 34.
g4 Re8 35. Nf3 Nd7 36. Kf4 g5+ 37. Kg3 Nxe5 38. Re3 f6 39. h4 gxh4+ 40. Kxh4
Nxf3+ 41. Rxf3 Re4 42. b3 Kd6 43. Kh5 Ke7 44. Rg3 Kf7 45. Kxh6 Re8 46. Kh7 Re1
47. Rh3 Rg1 48. Rh4 Rd1 49. Rh3 Rg1 1/2-1/2

[Event "Zalakaros open (Barczay memorial)"]
[Site "Zalakaros"]
[Date "2019.05.26"]
[Round "4.15"]
[White "Souhardo, Basak"]
[Black "Becskei, Zoltan"]
[Result "1/2-1/2"]
[WhiteElo "2082"]
[BlackElo "2285"]
[PlyCount "112"]
[EventDate "2019.05.23"]
[EventType "swiss"]
[EventRounds "9"]
[EventCountry "HUN"]

1. e4 c5 2. Nf3 e6 3. d4 cxd4 4. Nxd4 Nc6 5. Nc3 Qc7 6. Be3 a6 7. a3 b5 8. Qd2
Bb7 9. Be2 Nf6 10. f4 b4 11. axb4 Bxb4 12. Bf3 Na5 13. Ra4 Nc4 14. Qe2 Bxc3+
15. bxc3 Nxe3 16. Qxe3 O-O 17. c4 e5 18. Nf5 Rfe8 19. fxe5 Qxe5 20. Qg5 Nxe4
21. Bxe4 Bxe4 22. O-O Qc5+ 23. Qe3 Qxe3+ 24. Nxe3 Bc6 25. Ra3 a5 26. Nf5 f6 27.
Nd4 Re4 28. c3 Re5 29. Rfa1 Rc5 30. Nb3 Rg5 31. g3 a4 32. Nd4 Rga5 33. Kf2 Kf7
34. Rb1 R8a6 35. Rb4 Ke7 36. Nb5 Kd8 37. Ke3 d5 38. Nd4 Bd7 39. cxd5 Rxd5 40.
c4 Re5+ 41. Kf4 Rd6 42. Nb5 Rd2 43. g4 Rxh2 44. Rbxa4 Rg2 45. Rd3 Rxg4+ 46. Kf3
Rxc4 47. Rxc4 Rxb5 48. Rh4 h6 49. Rg4 g5 50. Ra4 Rb7 51. Ra6 Ke7 52. Rdd6 f5
53. Rxh6 Rb3+ 54. Kf2 Rb2+ 55. Kf3 Rb3+ 56. Kf2 Rb2+ 1/2-1/2

[Event "Zalakaros open (Barczay memorial)"]
[Site "Zalakaros"]
[Date "2019.05.26"]
[Round "4.16"]
[White "Pribelszky, Bence"]
[Black "Kosztolanczi, Gyula"]
[Result "0-1"]
[WhiteElo "2244"]
[BlackElo "2078"]
[PlyCount "160"]
[EventDate "2019.05.23"]
[EventType "swiss"]
[EventRounds "9"]
[EventCountry "HUN"]

1. e4 d5 2. exd5 Qxd5 3. Nc3 Qd6 4. d4 c6 5. g3 Nf6 6. Bg2 Bg4 7. Nf3 e6 8. O-O
Be7 9. h3 Bh5 10. Bf4 Qb4 11. Qd2 Nd5 12. a3 Qb6 13. Bg5 f6 14. Be3 O-O 15.
Rfe1 Nd7 16. Nd1 Rad8 17. c4 Nxe3 18. Qxe3 e5 19. c5 Qc7 20. b4 Rde8 21. Nc3
Bxf3 22. Bxf3 exd4 23. Qxd4 Ne5 24. Bg2 Rd8 25. Qe4 Rd3 26. Re3 Rfd8 27. Bf1
R3d4 28. Qf5 Qd7 29. Qxd7 R8xd7 30. Rae1 a5 31. f4 Ng6 32. Re4 axb4 33. axb4
Rxb4 34. Bc4+ Kf8 35. Kf1 f5 36. Be6 fxe4 37. Bxd7 Bxc5 38. Nxe4 Be7 39. h4 Rd4
40. Bc8 Bb4 41. Re2 b5 42. Ng5 Rd1+ 43. Kg2 h6 44. Nf3 Ne7 45. Be6 Bc3 46. Ne5
Bxe5 47. fxe5 Nd5 48. Rf2+ Ke7 49. Bg8 Ne3+ 50. Kf3 Nf5 51. Ke2 Rd8 52. Bh7
Nd4+ 53. Ke3 c5 54. Ke4 Nc6 55. Ra2 Rd4+ 56. Kf5 Rd5 57. Kg6 b4 58. Bg8 Nxe5+
59. Kxg7 Rd3 60. Ra7+ Kd6 61. Ra6+ Kc7 62. Ra7+ Kb6 63. Re7 Rxg3+ 64. Kh7 Ng4
65. Re6+ Kb5 66. Rg6 h5 67. Bf7 Rh3 68. Be8+ Kc4 69. Rb6 Rxh4 70. Kg6 Ne3 71.
Kg5 Rh2 72. Bxh5 Rxh5+ 73. Kxh5 b3 74. Kg5 Kc3 75. Rh6 b2 76. Rh1 Kc2 77. Kf4
Nd1 78. Rh2+ Kc1 79. Rh5 c4 80. Rc5 c3 0-1